[Event "Leiden SB-ch 1819"]
[Site "Leiden"]
[Date "2018.11.09"]
[Round "2"]
[White "Van 't Hof, Eric"]
[Black "Schenkelaars, Robin"]
[Result "1-0"]
[WhiteElo "2059"]
[BlackElo "1559"]
[PlyCount "37"]
[EventDate "2018.10.19"]
[EventType "swiss"]
[EventRounds "9"]
[EventCountry "NED"]
[SourceTitle "EXT 2023"]
[Source "ChessBase"]
[SourceDate "2022.10.05"]
[SourceVersion "1"]
[SourceVersionDate "2022.10.05"]
[SourceQuality "1"]

1. Nf3 Nf6 2. b3 d5 3. e3 e6 4. Bb2 a6 5. Be2 Nbd7 6. 0-0 Bd6 7. d4 0-0 8. Ne5 c6 9. Nd2 Qc7 10. f4 b6 11. Bd3 c5 12. Qf3 Bb7 13. Qh3 Ne4 14. Ndf3 f5 15. Bxe4 fxe4 16. Qxe6+ Kh8 17. Qxd7 exf3 18. Qxc7 Bxc7 19. Rxf3 1-0

[Event "Hilversum op"]
[Site "Hilversum"]
[Date "2018.06.22"]
[Round "1"]
[White "Van Foreest, Jorden"]
[Black "Van 't Hof, Eric"]
[Result "1-0"]
[WhiteElo "2641"]
[BlackElo "2074"]
[PlyCount "51"]
[EventDate "2018.06.22"]
[EventType "swiss"]
[EventRounds "6"]
[EventCountry "NED"]
[SourceTitle "CBM 185 Extra"]
[Source "ChessBase"]
[SourceDate "2018.07.29"]
[SourceVersion "1"]
[SourceVersionDate "2018.07.29"]
[SourceQuality "1"]

1. e4 e5 2. Nf3 Nc6 3. Bc4 Bc5 4. c3 Bb6 5. d4 Qe7 6. Bg5 Nf6 7. d5 Nd8 8. d6 cxd6 9. 0-0 Ne6 10. Bxf6 Qxf6 11. Na3 0-0 12. Nb5 a6 13. Nxd6 Bc7 14. Nf5 Nf4 15. Ne3 d6 16. g3 Nh3+ 17. Kh1 Bd8 18. Qe2 Be6 19. Rad1 Qg6 20. Bd5 Rb8 21. Ng1 Bd7 22. Qd3 Qh5 23. Nf5 Bc7 24. g4 Nxf2+ 25. Rxf2 Qxg4 26. Rg2 1-0

[Event "Calvia Amateur op 12th"]
[Site "Calvia"]
[Date "2015.10.13"]
[Round "4"]
[White "Haddad Filho, Paulo Ibrahim"]
[Black "Van 't Hof, Eric"]
[Result "1/2-1/2"]
[WhiteElo "1910"]
[BlackElo "2125"]
[PlyCount "64"]
[EventDate "2015.10.10"]
[EventType "swiss"]
[EventRounds "9"]
[EventCountry "ESP"]
[SourceTitle "EXT 2017"]
[Source "ChessBase"]
[SourceDate "2016.10.25"]
[SourceVersion "1"]
[SourceVersionDate "2016.10.25"]
[SourceQuality "1"]

1. d4 e6 2. Nf3 Nf6 3. Bg5 d5 4. Nbd2 Be7 5. e3 Nbd7 6. Bd3 h6 7. Bh4 b6 8. Qe2 Bb7 9. c3 Ne4 10. Bg3 h5 11. h3 Nxg3 12. fxg3 Bd6 13. 0-0-0 f5 14. g4 Qf6 15. gxh5 0-0-0 16. g4 Rdg8 17. Rdf1 c5 18. Rhg1 Qe7 19. gxf5 e5 20. dxe5 Nxe5 21. Nxe5 Bxe5 22. Rg6 Bf6 23. Rfg1 Re8 24. Bb5 Rd8 25. Nf1 c4 26. Nd2 Qe5 27. Ba4 Qxf5 28. Bd1 Kb8 29. Qg4 Qe5 30. Qf4 Rde8 31. Nf3 Qc7 32. h6 Rxh6 1/2-1/2

[Event "Calvia Amateur op 12th"]
[Site "Calvia"]
[Date "2015.10.11"]
[Round "2"]
[White "Andreu Lopez, Santiago"]
[Black "Van 't Hof, Eric"]
[Result "1-0"]
[WhiteElo "1903"]
[BlackElo "2125"]
[PlyCount "57"]
[EventDate "2015.10.10"]
[EventType "swiss"]
[EventRounds "9"]
[EventCountry "ESP"]
[SourceTitle "EXT 2017"]
[Source "ChessBase"]
[SourceDate "2016.10.25"]
[SourceVersion "1"]
[SourceVersionDate "2016.10.25"]
[SourceQuality "1"]

1. e4 c5 2. Nf3 d6 3. d4 cxd4 4. Nxd4 Nf6 5. Bd3 Nc6 6. c3 g6 7. 0-0 Bg7 8. Kh1 0-0 9. f4 Qb6 10. Nf3 Ng4 11. Qe1 a6 12. Na3 Qc7 13. Nc2 b5 14. h3 Nf6 15. a4 bxa4 16. Rxa4 Bb7 17. e5 Nd7 18. e6 Nc5 19. exf7+ Kh8 20. Bxg6 e6 21. f5 Rxf7 22. Rh4 Bf6 23. Bg5 Qe7 24. Bxf6+ Rxf6 25. Rxh7+ Qxh7 26. Bxh7 Kxh7 27. Qh4+ Kg7 28. Qg5+ Kf7 29. fxe6+ 1-0

[Event "Utrecht OKU op 42nd"]
[Site "Utrecht"]
[Date "2015.06.05"]
[Round "1"]
[White "Horvath, Csaba"]
[Black "Van 't Hof, Eric"]
[Result "1-0"]
[WhiteElo "2546"]
[BlackElo "2125"]
[PlyCount "53"]
[EventDate "2015.06.05"]
[EventType "swiss"]
[EventRounds "6"]
[EventCountry "NED"]
[SourceTitle "CBM 166 Extra"]
[Source "ChessBase"]
[SourceDate "2015.06.18"]
[SourceVersion "1"]
[SourceVersionDate "2015.06.18"]
[SourceQuality "1"]

1. d4 e6 2. g3 d5 3. Bg2 Nf6 4. Nf3 c5 5. c4 Nc6 6. cxd5 Nxd5 7. 0-0 Be7 8. dxc5 Bxc5 9. Qc2 Qe7 10. a3 a5 11. e4 Nc7 12. e5 Nb5 13. Bg5 f6 14. exf6 gxf6 15. Bxf6 Bxf2+ 16. Rxf2 Qxf6 17. Qc5 Nba7 18. Nc3 Qe7 19. Qh5+ Qf7 20. Qxf7+ Kxf7 21. Ng5+ Kg6 22. Raf1 Kxg5 23. Ne4+ Kg6 24. Rf7 Nd4 25. R1f6+ Kh5 26. g4+ Kxg4 27. Rg7+ 1-0

[Event "Leiden SB-chA"]
[Site "Leiden"]
[Date "2014.05.27"]
[Round "3"]
[White "Van 't Hof, Eric"]
[Black "Kubbenga, Michael"]
[Result "1-0"]
[WhiteElo "2079"]
[BlackElo "1942"]
[PlyCount "75"]
[EventDate "2014.05.13"]
[EventType "swiss"]
[EventRounds "7"]
[EventCountry "NED"]
[SourceTitle "EXT 2015"]
[Source "ChessBase"]
[SourceDate "2014.11.20"]
[SourceVersion "1"]
[SourceVersionDate "2014.11.20"]
[SourceQuality "1"]

1. e4 e5 2. Nf3 Nc6 3. Bb5 a6 4. Ba4 Nf6 5. d3 b5 6. Bb3 d6 7. c3 Be7 8. Nbd2 0-0 9. Nf1 d5 10. Qe2 d4 11. Ng3 Be6 12. 0-0 Qd7 13. Bc2 h6 14. a4 Rab8 15. axb5 axb5 16. Bd2 Ne8 17. cxd4 Nxd4 18. Nxd4 exd4 19. f4 Bg4 20. Qf2 Qc6 21. Rfc1 Bd7 22. Kh1 Qd6 23. b4 Bh4 24. Bd1 f5 25. e5 Qb6 26. Bf3 g6 27. Rc5 Ng7 28. Rac1 Rbd8 29. Rxc7 Kh8 30. Rb7 Qa6 31. Rcc7 Qa1+ 32. Qe1 Qxe1+ 33. Bxe1 Bc8 34. Ra7 Ne6 35. Rh7+ Kg8 36. Bd2 h5 37. Ne2 Rfe8 38. g3 1-0

[Event "Vienna Tschaturanga op"]
[Site "Vienna"]
[Date "2014.05.08"]
[Round "4"]
[White "Karner, Christoph"]
[Black "Van 't Hof, Eric"]
[Result "1/2-1/2"]
[WhiteElo "2335"]
[BlackElo "2136"]
[PlyCount "41"]
[EventDate "2014.05.05"]
[EventType "swiss"]
[EventRounds "7"]
[EventCountry "AUT"]
[SourceTitle "CBM 160 Extra"]
[Source "ChessBase"]
[SourceDate "2014.07.01"]
[SourceVersion "1"]
[SourceVersionDate "2014.07.01"]
[SourceQuality "1"]

1. d4 Nf6 2. c4 e6 3. Nf3 b6 4. Nc3 Bb4 5. Bg5 Bb7 6. Qc2 h6 7. Bh4 c5 8. Rd1 cxd4 9. Nxd4 a6 10. e3 0-0 11. Be2 Nc6 12. 0-0 Rc8 13. Nf3 Be7 14. Bxf6 Bxf6 15. Ne4 d5 16. Qb1 Ne5 17. cxd5 Bxd5 18. Nc3 Nxf3+ 19. Bxf3 Bxc3 20. bxc3 Qf6 21. Bxd5 1/2-1/2

[Event "Leiden LCT op-A 7th"]
[Site "Leiden"]
[Date "2013.07.13"]
[Round "2"]
[White "Bernal Moro, Luis Javier"]
[Black "Van 't Hof, Eric"]
[Result "1-0"]
[WhiteElo "2423"]
[BlackElo "2144"]
[PlyCount "101"]
[EventDate "2013.07.12"]
[EventType "swiss"]
[EventRounds "9"]
[EventCountry "NED"]
[SourceTitle "CBM 155 Extra"]
[Source "ChessBase"]
[SourceDate "2013.08.26"]
[SourceVersion "1"]
[SourceVersionDate "2013.08.26"]
[SourceQuality "1"]

1. Nf3 d5 2. c4 c6 3. e3 Nf6 4. Nc3 e6 5. Qc2 Nbd7 6. b3 Bd6 7. Be2 0-0 8. d4 b6 9. 0-0 Bb7 10. Bb2 Qe7 11. Rad1 Rac8 12. Qb1 c5 13. cxd5 cxd4 14. Nxd4 Nxd5 15. Nxd5 Bxd5 16. Nf5 exf5 17. Rxd5 Nf6 18. Bxf6 Qxf6 19. Rxf5 Qc3 20. Bc4 Ba3 21. Rd1 g6 22. Rfd5 Rc7 23. Rd7 Rxd7 24. Rxd7 a5 25. g3 Bc5 26. Qe4 Qf6 27. Kg2 Bb4 28. Qf3 Qg7 29. Rb7 Bc5 30. g4 h6 31. h3 Qh7 32. Rd7 Qg7 33. h4 Bb4 34. Rb7 Bc5 35. g5 hxg5 36. hxg5 Qh7 37. Qf6 Bb4 38. Rxb6 Qh5 39. Qxg6+ Qxg6 40. Rxg6+ Kh7 41. Rf6 Kg7 42. Kf3 Bc3 43. Rf5 f6 44. gxf6+ Bxf6 45. e4 Ra8 46. e5 Bh4 47. Rf7+ Kg6 48. Kg4 Rh8 49. e6 a4 50. Bd3+ Kh6 51. Kxh4 1-0

[Event "Hoogeveen Unive op 16th"]
[Site "Hoogeveen"]
[Date "2012.10.24"]
[Round "6"]
[White "Van 't Hof, Eric"]
[Black "Van der Poel, Henk"]
[Result "1-0"]
[WhiteElo "2137"]
[BlackElo "2306"]
[PlyCount "69"]
[EventDate "2012.10.19"]
[EventType "swiss"]
[EventRounds "9"]
[EventCountry "NED"]
[SourceTitle "EXT 2013"]
[Source "ChessBase"]
[SourceDate "2012.11.22"]
[SourceVersion "1"]
[SourceVersionDate "2012.11.22"]
[SourceQuality "1"]

1. d4 Nf6 2. c4 e6 3. Nc3 Bb4 4. Qc2 0-0 5. a3 Bxc3+ 6. Qxc3 d5 7. Bg5 c5 8. e3 dxc4 9. dxc5 Ne4 10. Bxd8 Nxc3 11. Bh4 Na4 12. 0-0-0 Bd7 13. Bxc4 Nxc5 14. Nf3 Rc8 15. Kb1 b5 16. Be2 Bc6 17. Rhg1 a5 18. Nd2 e5 19. Rc1 Nbd7 20. Be7 Ne4 21. Nxe4 Bxe4+ 22. Ka1 Re8 23. Bd6 Re6 24. Rgd1 Bxg2 25. Bg4 Rxd6 26. Rxd6 Nf6 27. Rc8+ Rxc8 28. Bxc8 h5 29. Rb6 b4 30. axb4 axb4 31. Rxb4 Kf8 32. Rb5 e4 33. Re5 g6 34. b4 Bf1 35. b5 1-0

[Event "Leiden SB-ch"]
[Site "Leiden"]
[Date "2012.06.12"]
[Round "5"]
[White "Van 't Hof, Eric"]
[Black "Hellenberg, Jan Amerik"]
[Result "1-0"]
[WhiteElo "2046"]
[BlackElo "1595"]
[PlyCount "79"]
[EventDate "2012.05.15"]
[EventType "swiss"]
[EventRounds "7"]
[EventCountry "NED"]
[SourceTitle "EXT 2018"]
[Source "ChessBase"]
[SourceDate "2017.10.13"]
[SourceVersion "1"]
[SourceVersionDate "2017.10.13"]
[SourceQuality "1"]

1. d4 d5 2. c4 c6 3. Nf3 Nf6 4. Nc3 a6 5. a4 e6 6. g3 dxc4 7. Bg2 c5 8. dxc5 Qxd1+ 9. Nxd1 Bxc5 10. Ne5 Bb4+ 11. Kf1 Nbd7 12. Nxc4 Nd5 13. e4 N5b6 14. Nde3 Bc5 15. a5 Nxc4 16. Nxc4 b5 17. e5 Rb8 18. Nd6+ Bxd6 19. exd6 Bb7 20. Be3 Bxg2+ 21. Kxg2 Nf6 22. Rhc1 Nd5 23. Ba7 Ra8 24. Bd4 f6 25. Bc5 Kd7 26. b4 Rac8 27. Re1 Rc6 28. f4 Rhc8 29. Rad1 Nc3 30. Rd3 Rxc5 31. bxc5 Na4 32. c6+ Kxc6 33. d7 Rd8 34. Rxe6+ Kc7 35. Rxa6 Kb7 36. Rad6 Nc5 37. Rb6+ Ka7 38. Rd5 Na4 39. Rc6 Kb7 40. Rc2 1-0

[Event "Leiden SB-ch"]
[Site "Leiden"]
[Date "2012.05.29"]
[Round "3"]
[White "Van 't Hof, Eric"]
[Black "Lauer, Albert"]
[Result "1-0"]
[WhiteElo "2046"]
[BlackElo "1871"]
[PlyCount "59"]
[EventDate "2012.05.15"]
[EventType "swiss"]
[EventRounds "7"]
[EventCountry "NED"]
[SourceTitle "EXT 2018"]
[Source "ChessBase"]
[SourceDate "2017.10.13"]
[SourceVersion "1"]
[SourceVersionDate "2017.10.13"]
[SourceQuality "1"]

1. e4 d5 2. exd5 Nf6 3. c4 e6 4. dxe6 Bxe6 5. Nf3 Bd6 6. Be2 0-0 7. 0-0 c5 8. d3 Qc7 9. Nc3 a6 10. Bg5 Nbd7 11. Re1 Ng4 12. g3 h6 13. Bd2 Rad8 14. Nh4 Ndf6 15. Bf3 Ne5 16. Nd5 Nxf3+ 17. Qxf3 Nxd5 18. cxd5 Bc8 19. Bc3 Rfe8 20. Nf5 Bf8 21. Nxh6+ gxh6 22. Qf6 Kh7 23. f3 Qd7 24. Qh8+ Kg6 25. Qf6+ Kh7 26. Qh8+ Kg6 27. Qg8+ Kh5 28. Re6 Qxe6 29. dxe6 Rxe6 30. Qg4# 1-0